Fundamentals of cytogenetics and genetics / (Record no. 48166)

MARC details
000 -LEADER
fixed length control field 01813cam a2200349 a 4500
005 - DATE AND TIME OF LATEST TRANSACTION
control field 20031230185550.0
008 - FIXED-LENGTH DATA ELEMENTS--GENERAL INFORMATION
fixed length control field 940308s1993 enkab b 001 0 eng
010 ## - LCCN (DPL NO)
LC control number ENG-101607 B-427734-737
020 ## - INTERNATIONAL STANDARD BOOK NUMBER
Terms of availability 495.00
International Standard Book Number 9788120340336
035 ## - SYSTEM CONTROL NUMBER
System control number EN-85140
035 ## - SYSTEM CONTROL NUMBER
System control number B-427734-737
037 ## - SOURCE OF ACQUISITION
Source of stock number/acquisition DBAD/PUB
037 ## - SOURCE OF ACQUISITION
Source of stock number/acquisition Allied Pub./VEN
040 ## - CATALOGING SOURCE
Original cataloging agency dpl
Language of cataloging Eng
082 ## - DEWEY DECIMAL CLASSIFICATION NUMBER
Classification number 572.8
100 1# - MAIN ENTRY--PERSONAL NAME
9 (RLIN) 22405
Personal name Mahabal Ram
245 10 - TITLE STATEMENT
Title Fundamentals of cytogenetics and genetics /
Statement of responsibility, etc by Mahabal Ram
260 ## - PUBLICATION, DISTRIBUTION, ETC. (IMPRINT)
Place of publication, distribution, etc New Delhi
Name of publisher, distributor, etc PHI Learning
Date of publication, distribution, etc 2010
270 ## - ADDRESS
Address M-97, Connaught Circus,
City New Delhi
Postal code 110001
300 ## - PHYSICAL DESCRIPTION
Extent xxix,653p.
Dimensions 24cm (pbk)
500 ## - GENERAL NOTE
General note Includes index
650 #0 - SUBJECT ADDED ENTRY--TOPICAL TERM
9 (RLIN) 22448
651 ## - SUBJECT ADDED ENTRY--GEOGRAPHIC NAME
9 (RLIN) 22481
700 ## - ADDED ENTRY--PERSONAL NAME
9 (RLIN) 22431
942 ## - ADDED ENTRY ELEMENTS (KOHA)
Source of classification or shelving scheme Dewey Decimal Classification
Item type English Books
Call number suffix MAH
Classification part 572.8
Holdings
Withdrawn status Lost status Source of classification or shelving scheme Damaged status Not for loan Collection code Home library Current library Date acquired Source of acquisition Cost, normal purchase price Total Checkouts Full call number Barcode Date last seen Copy number Cost, replacement price Koha item type Total Renewals
    Dewey Decimal Classification     Non-fiction Central Library Central Library 11/05/2011 Allied Pub/2846/22.3.11/78/14.3.11/29.3.11 495.00 9 572.8 MAH B-427734 17/08/2019 1 495.00 English Books 3
    Dewey Decimal Classification   Not For Loan Non-fiction D.B.Act.Division D.B.Act.Division 05/10/2010 DBAD/PUB 495.00   572.8 MAH EN-85140 05/10/2010 1 495.00 English Books  
    Dewey Decimal Classification     Non-fiction Patel Nagar Patel Nagar 11/05/2011 Allied Pub/2846/22.3.11/78/14.3.11/29.3.11 495.00 1 572.8 MAH B-427735 13/12/2019 1 495.00 English Books  
    Dewey Decimal Classification     Non-fiction Sarojini Nagar Sarojini Nagar 11/05/2011 Allied Pub/2846/22.3.11/78/14.3.11/29.3.11 495.00 1 572.8 MAH B-427736 09/11/2020 1 495.00 English Books 2
  Written-off vide DLB M. No. 383 dt 16.05.19 Dewey Decimal Classification     Non-fiction Shahdara Branch Shahdara Branch 11/05/2011 Allied Pub/2846/22.3.11/78/14.3.11/29.3.11 495.00   572.8 MAH B-427737 11/05/2011 1 495.00 English Books  

© Delhi Public Library
Hit Counter
free hit counter